Wireless Internet crash course / (Record no. 178693)
[ view plain ]
| 000 -LEADER | |
|---|---|
| fixed length control field | 01171 a2200253 4500 |
| 003 - CONTROL NUMBER IDENTIFIER | |
| control field | Nust |
| 005 - DATE AND TIME OF LATEST TRANSACTION | |
| control field | 20221208130248.0 |
| 010 ## - LIBRARY OF CONGRESS CONTROL NUMBER | |
| LC control number | 2002275122 |
| 020 ## - INTERNATIONAL STANDARD BOOK NUMBER | |
| International Standard Book Number | 0071382127 |
| 040 ## - CATALOGING SOURCE | |
| Transcribing agency | Nust |
| 082 ## - DEWEY DECIMAL CLASSIFICATION NUMBER | |
| Classification number | 621.382,KIK |
| 100 1# - MAIN ENTRY--PERSONAL NAME | |
| Personal name | Kikta, Roman. |
| 9 (RLIN) | 104462 |
| 245 10 - TITLE STATEMENT | |
| Title | Wireless Internet crash course / |
| Statement of responsibility, etc. | Roman Kikta, Al Fisher, Michael P. Courtney. |
| 260 ## - PUBLICATION, DISTRIBUTION, ETC. | |
| Place of publication, distribution, etc. | New York : |
| Name of publisher, distributor, etc. | McGraw-Hill, |
| Date of publication, distribution, etc. | c2002. |
| 300 ## - PHYSICAL DESCRIPTION | |
| Extent | xxi, 231 p. : |
| Other physical details | ill. ; |
| Dimensions | 23 cm. |
| 440 #0 - SERIES STATEMENT/ADDED ENTRY--TITLE | |
| Title | McGraw-Hill telecom portable consultant |
| 9 (RLIN) | 104463 |
| 505 ## - FORMATTED CONTENTS NOTE | |
| Formatted contents note | History of modern communications (Page-1), Driving technologies (Page-35), The wireless internet market (Page-81), Wireless internet applications,services and access,enabled solutions (Page-107), Billing and security issues (Page-153), Communication past and future (Page-173), Appendix A (Page-203). |
| 650 #0 - SUBJECT ADDED ENTRY--TOPICAL TERM | |
| Topical term or geographic name entry element | Telecommunications engineering. |
| 9 (RLIN) | 58485 |
| 700 1# - ADDED ENTRY--PERSONAL NAME | |
| Personal name | Courtney, Michael P. |
| 9 (RLIN) | 104464 |
| 700 1# - ADDED ENTRY--PERSONAL NAME | |
| Personal name | Fisher, Al. |
| 9 (RLIN) | 104465 |
| 856 42 - ELECTRONIC LOCATION AND ACCESS | |
| Materials specified | Contributor biographical information |
| Uniform Resource Identifier | <a href="http://www.loc.gov/catdir/bios/mh041/2002275122.html">http://www.loc.gov/catdir/bios/mh041/2002275122.html</a> |
| 856 42 - ELECTRONIC LOCATION AND ACCESS | |
| Materials specified | Table of contents |
| Uniform Resource Identifier | <a href="http://www.loc.gov/catdir/toc/mh023/2002275122.html">http://www.loc.gov/catdir/toc/mh023/2002275122.html</a> |
| 942 ## - ADDED ENTRY ELEMENTS (KOHA) | |
| Source of classification or shelving scheme | |
| Koha item type | Book |
| Withdrawn status | Lost status | Source of classification or shelving scheme | Damaged status | Not for loan | Permanent Location | Current Location | Shelving location | Date acquired | Full call number | Barcode | Date last seen | Price effective from | Koha item type | Public note |
|---|---|---|---|---|---|---|---|---|---|---|---|---|---|---|
| Military College of Signals (MCS) | Military College of Signals (MCS) | General Stacks | 12/12/2016 | 621.382,KIK | MCS31912 | 12/08/2016 | 12/12/2016 | Book | Almirah No.35, Shelf No.4 |
